Les 20 villes les plus peuplées des États-Unis - Statistiques

Statistiques générales
  • Ce quiz a été pris 235 fois
  • Le résultat moyen est 11 sur 20
Statistiques - réponses
Population Ville % Correct
8 258 035 New York
100%
3 820 914 Los Angeles
99%
2 664 452 Chicago
92%
808 988 San Francisco
80%
1 302 868 Dallas
73%
2 314 157 Houston
71%
755 078 Seattle
69%
1 550 542 Philadelphie
66%
716 577 Denver
60%
1 388 320 San Diego
56%
1 650 070 Phoenix
52%
979 882 Austin
44%
911 311 Charlotte
36%
879 293 Indianapolis
35%
985 843 Jacksonville
29%
1 495 295 San Antonio
27%
969 655 San José
25%
702 767 Oklahoma City
21%
978 468 Fort Worth
15%
913 175 Colombus
7%
Aucun quiz correspondant
Distribution des résultats
% des personnes avec chaque résultat
Percentile par nombre de réponses
Votre historique - résultats
Vous n’avez pas pris ce quiz